000 00553nam a22001937a 4500
008 151013b xxu||||| |||| 00| 0 eng d
020 _a0256097909
041 0 _aeng
080 _a658
100 1 _aDonnelly, James H.
245 1 0 _aFundamentals of management /
_cJames H. Donnelly, Jr., James L. Gibson, John M. Ivancevich.
250 _a8th ed.
260 _aHomewood, IL :
_bIrwin,
_c1992.
300 _axxxiii, 840 f. :
_bme il.;
_c26 cm.
650 0 _aMenaxhim
700 1 _aGibson, James L.
700 1 _aIvancevich, John M.
942 _2udc
_cBK
999 _c1274
_d1274